000 00519nam a2200193Ia 4500
005 20260120130718.0
008 008 260114s9999 xx 000 0 eng d
020 _a9780191671128
037 _aEBOOK
040 _aCRL
_beng
_cCRL
041 _aeng
_2eng
084 _qCRL
100 _aVickers
_9918299
245 0 _aIn Defence of Rhetoric
260 _bOxford University PressOxford University Press
_c2011
856 _uhttps://academic.oup.com/book/9391
942 _cEBOOK
999 _c1510204
_d1510204